|
|
|
|
| LEADER |
00000nam a2200000 a 4500 |
| 001 |
vtls001381942 |
| 003 |
SK-MaSNL |
| 005 |
20260301115604.0 |
| 008 |
240314s1999 xo a r y 0 slo |
| 015 |
|
|
|a SNBA2000/04-01353
|
| 020 |
|
|
|a 8071642541
|
| 035 |
|
|
|a SNK000335977
|
| 035 |
|
|
|a urn:nbn:sk:snk-amlrej
|
| 035 |
|
|
|a urn:nbn:sk:snk-am00c9gx
|
| 035 |
|
|
|a 8D1B5505-8295-4036-902B-0C5ACFA5A7E3
|
| 040 |
|
|
|a SNK
|b slo
|c SNK
|e AACR2
|
| 041 |
0 |
|
|a slo
|
| 044 |
|
|
|a xo
|c SK
|
| 080 |
|
|
|a 372.879.6:796.012.2(072)
|2 1981
|
| 080 |
|
|
|a 796.012.2(072)
|2 1981
|
| 100 |
1 |
|
|a Kasa, Július,
|d 1941-
|4 aut
|9 190608
|
| 245 |
1 |
0 |
|a Diagnostika a rozvoj koordinačných schopností
|b metodická príručka
|c Július Kasa, Jaromír Šimonek ml.
|
| 260 |
|
|
|a Bratislava
|b Metodické centrum mesta Bratislavy
|c 1999
|
| 300 |
|
|
|a 68 s.
|b sch.
|c 30 cm
|
| 504 |
|
|
|a Bibliogr. s. 65-68
|
| 650 |
0 |
7 |
|a telesná výchova
|2 SNKPH
|9 708
|
| 650 |
0 |
7 |
|a základné školy
|2 SNKPH
|9 1280
|
| 650 |
0 |
7 |
|a koordinačné schopnosti
|2 SNKPH
|9 460847
|
| 655 |
|
7 |
|a príručky
|2 SNKPH
|9 74364
|
| 700 |
1 |
|
|a Šimonek, Jaromír,
|d 1958-
|4 aut
|9 86480
|
| 919 |
|
|
|a 80-7164-254-1
|
| 958 |
|
|
|a OND
|
| 999 |
|
|
|c 722751
|d 724681
|
| 952 |
|
|
|t P60, <03>, [BOOK], {603}
|a SNK
|b SNK
|y PREZ
|7 0
|p 17A0226656
|o snkSB 61378
|i snkKSP 1398/2000
|0 0
|1 0
|4 0
|d 2000-02-02
|f 1
|l 0
|r 2025-04-15 00:00:00
|w 2026-02-23
|
| 952 |
|
|
|t P60, <04>, [BOOK], {604}
|a SNK
|b SNK
|y VYP
|7 0
|p 17A0226657
|o snkSB 61378 D1
|i snkKSP 1399/2000
|0 0
|1 0
|4 0
|d 2000-02-02
|l 0
|r 2005-01-02 00:00:00
|w 2026-02-23
|